000 00520nam a2200157 4500
001 124111
003 ES-MaACL
005 20230906192326.0
007 t|
008 070214s1971 sp r ||||1| cat d
100 1 _aRamón i Morros, Jaume.
_995216
245 1 0 _aTres escoles d'escalada
_b: Sant-Llorenç del Munt, El sot del Bac, Els Mollons /
_cJaume Ramón Morros.
260 _aBarcelona :
_bRafael Dalmau,
_c1971.
300 _a125 p., 11 plan., 2 lám. :
_bil. ;
_c17 cm.
852 _aES-MaACL
_jC-40823
_bR.77415
999 _c124111
_d124111